Daňová politika v oblasti uplatňovania miestnych daní vo vybraných krajinách bakalárska práca

Guardado en:
Detalles Bibliográficos
Autor principal: Galanová, Lucia
Autor Corporativo: Fakulta podnikového manažmentu EU. Katedra podnikových financií
Otros Autores: Ďurinová, Ivona, 1964-
Formato: Libro
Lenguaje:eslovaco
Publicado: Bratislava 2025
Etiquetas: Agregar Etiqueta
Sin Etiquetas, Sea el primero en etiquetar este registro!

MARC

LEADER 00000nbm a2200000 4500
001 0309965
005 20260108094846.6
041 0 |a slo 
044 |a SK 
245 1 0 |a Daňová politika v oblasti uplatňovania miestnych daní vo vybraných krajinách  |b bakalárska práca  |c Lucia Galanová ; školiteľ: Ivona Ďurinová 
264 1 |a Bratislava  |c 2025 
300 |a 62 s. 
100 1 |a Galanová, Lucia 
700 1 |a Ďurinová, Ivona, 1964- 
710 2 |a Fakulta podnikového manažmentu EU. Katedra podnikových financií